Loading...
| Auditory Arts | 5 | 16.00 | 100% | 60% | 0% |
| Beliefs | 11 | 15.45 | 100% | 46% | 9% |
| Current Events | 2 | 15.00 | 100% | 50% | 0% |
| Fine Arts - Other Arts | 6 | 18.33 | 100% | 50% | 33% |
| Geography | 1 | 20.00 | 100% | 100% | 0% |
| History - American | 5 | 18.00 | 100% | 60% | 20% |
| History - Ancient | 2 | 15.00 | 100% | 50% | 0% |
| History - European | 7 | 15.71 | 86% | 57% | 14% |
| History - Other | 2 | 20.00 | 100% | 100% | 0% |
| History - World | 2 | 15.00 | 100% | 50% | 0% |
| Literature - American | 4 | 25.00 | 100% | 75% | 75% |
| Literature - British | 6 | 21.67 | 100% | 83% | 33% |
| Literature - European | 5 | 20.00 | 100% | 60% | 40% |
| Literature - World | 4 | 25.00 | 100% | 100% | 50% |
| Other Academic | 1 | 20.00 | 100% | 0% | 100% |
| Philosophy | 4 | 17.50 | 100% | 75% | 0% |
| Science - Biology | 5 | 20.00 | 100% | 60% | 40% |
| Science - Chemistry | 3 | 16.67 | 100% | 33% | 33% |
| Science - Other | 6 | 23.33 | 100% | 100% | 33% |
| Science - Physics | 4 | 20.00 | 100% | 75% | 25% |
| Social Science | 5 | 16.00 | 80% | 60% | 20% |
| Visual Arts | 2 | 15.00 | 100% | 50% | 0% |